000 00767cam8a220024100 4500
001 qce00931877
005 20190816084539.0
008 741206s1961 enk 000 0beng
010 _a 62068117 /L
035 _a(Sirsi) r123363
035 _a(QCAT)lss00699455
035 _a(UPRA)qce00931877
040 _dUPRA
050 _aPQ1678
_b.W5
100 1 _aWilson, Dudley Butler.
_6A91375.1
245 1 0 _aRonsard, poet of nature.
260 _a[Manchester, England] :
_bManchester University Press,
_c[1961]
504 _aBibliographical footnotes.
600 1 0 _aRonsard, Pierre de, 1524-1585.
_dRonsard, Pierre de, 1524-1585.
_6S34806.1
650 0 _aNature in literature.
_6S65464.1
949 _aPQ1678
_wlcc
_i-177429
_mMAIN
_tBOOK
_lON-SHELF
004 123363
999 _c79515
_d79515